000 01037cam a2200289 a 4500
001 14538958
005 20180118093019.0
008 060907s2007 caua bf 001 0 eng
010 _a 2006029739
020 _a9781412924221 (cloth)
020 _a1412924227 (cloth)
020 _a9781412924238 (pbk.)
020 _a1412924235 (pbk.)
035 _a(OCoLC)ocm71507015
035 _a(OCoLC)71507015
040 _aDLC
_cDLC
_dBAKER
_dC#P
_dYDXCP
_dJDR
_dBTCTA
_dDLC
041 _aeng
080 _a001.44 LAW
082 0 0 _a001.44 LAW
_222
100 1 _a45
101 _aEDU
245 1 0 _aProposals that work :
_cLawrence F. Locke, Waneen Wyrick Spirduso, Stephen J. Silverman.
504 _aIncludes bibliographical references (p. 341-348) and index.
906 _a7
_bcbc
_corignew
_d1
_eecip
_f20
_gy-gencatlg
942 _2ddc
_cBK
999 _c40508
_d40508